000 00378nam a2200133 a 4500
005 20140412111229.0
008 020416s19uu xx 00 eng d
050 _aM 914.3
_bCo834 19_?
245 _aThe cosmopolitan Berlin with potsdam.
260 _aBerlin :
_bschoning & Co + Gerbruder Schmidt,
_c[n.d.]
300 _a1 v. (unp.) ; ill.
650 _aBerlin
999 _c102120
_d102120